Manual de derecho procesal derecho procesal orgǹico / Tomo III

Bibliographic Details
Main Author: Casarino Viterbo, Mario
Format: Book
Language:Spanish
Published: Santiago, Chile : Editorial jurd̕ica de Chile, [2007-2008]
Series:Coleccin̤ Manuales jurd̕icos ; no 25
Subjects:
Online Access:Acceso restringido

MARC

LEADER 00000cam a2200000 a 4500
005 20110901100657.0
008 091215m2005 cl 000 0 spa
020 |a 978-956-10-1621-4  
035 |a 5476 
040 |a vLex 
043 |a s-cl--- 
090 |c 2327  |d 2327 
100 1 |a Casarino Viterbo, Mario. 
245 1 0 |a Manual de derecho procesal   |b derecho procesal orgǹico /  |c Mario Casarino Viterbo.  |h [Recurso electrn̤ico] :  |p Tomo III 
256 |a Servicio en ln̕ea. 
260 |a Santiago, Chile :  |b Editorial jurd̕ica de Chile,  |c [2007-2008] 
300 |a 6 v. ;  |c 25 cm. 
490 0 |a Coleccin̤ Manuales jurd̕icos ;  |v no 25 
506 1 |a Contenido solo disponible en los productos indicados  |d vLex Global  |d vLex Global (Academic Edition, excluding Law Schools)  |d vLex Global (U.S. Academic Edition, Law Schools)  |d vLex Global (U.S. Academic Edition, excluding Law Schools)  |d vLex Global (Academic Edition, Law Schools) 
650 0 |a Procedure (Law)  |z Chile. 
740 0 |a vLex Libros (Servicio en ln̕ea) 
856 4 0 |u http://vlex.com/source/manual-derecho-procesal-civil-tomo-iii-5476  |z Acceso restringido 
942 |c BOOK